Paroles : Ça ira - Joyce Johnatan - Statistiques

Statistiques générales
  • Ce quiz a été pris 102 fois
  • Le résultat moyen est 272 sur 356
Statistiques - réponses
Réponse % Correct
ça
94%
ce
93%
je
93%
Je
93%
me
93%
que
93%
à
91%
a
91%
dis
91%
es
91%
ira
91%
91%
la
91%
Moi
90%
moi
90%
qui
90%
tu
90%
Tu
90%
y
90%
et
88%
Et
88%
mes
88%
pour
88%
toi
88%
c'est
87%
de
87%
pas
87%
si
87%
Si
87%
n'est
85%
qu'à
85%
te
85%
yeux
84%
comme
82%
crois
82%
jolis
82%
juste
82%
Juste
82%
sais
82%
au
81%
Au
81%
Dis-moi
81%
Le
81%
par
81%
toute
81%
première
79%
celui
78%
fera
78%
fois
78%
mais
78%
aimé
76%
heureux
76%
humeurs
76%
qu'au-delà
76%
y'a
76%
d'autres
75%
deux
75%
suis
75%
aimes
74%
bien
74%
des
74%
doutes
74%
j'ai
74%
J'ai
74%
nos
74%
rendent
74%
rythme
74%
bonheur
72%
l'affaire
72%
matins
72%
mon
72%
seule
72%
suite
72%
temps
72%
d'amoureux
71%
n'ai
71%
Oh
71%
déjà
69%
jamais
69%
ta
69%
vois
69%
autant
68%
n'y
68%
un
68%
colères
66%
désirée
66%
rendez-vous
66%
envie
65%
Avec
63%
d'accepter
63%
les
63%
plais
63%
plus
63%
prête
63%
s'il
63%
début
62%
oublier
62%
Pardonne-moi
62%
passé
62%
peu
62%
rencard
60%
bonheurs
59%
évident
57%
toujours
57%
importe
56%
paresses
56%
raisons
56%
charmer
54%
n'aies
54%
tes
50%
aux
49%
beaux
47%
caresses
46%
dans
44%
moments
44%
façon
43%
monuments
43%
on
43%
Ton
43%
J'aime
41%
j'suis
40%
trop
40%
vais
40%
airs
38%
paradis
38%
tard
38%
voir
38%
d'absence
37%
petits
37%
sûre
37%
tous
37%
différence
35%
empruntes
35%
limites
35%
regard
35%
souvenirs
35%
tiroirs
35%
aura
34%
peur
34%
chacun
32%
elle
32%
tant
32%
assurés
31%
pire
31%
prenons
31%
risques
31%
silences
31%
l'indécent
29%
comprends
28%
doux
28%
gentillesse
28%
secret
28%
promet
25%
Aucun quiz correspondant
Distribution des résultats
% des personnes avec chaque résultat
Percentile par nombre de réponses
Votre historique - résultats
Vous n’avez pas pris ce quiz